000 01097nam a22002297a 4500
005 2010031104284.0
008 100311t xxu||||| |||| 00| 0 hin d
010 _aHIN-89087
020 _c495.00
_a9788189531102
035 _aHN-61433
037 _bDBAD / PUB
040 _aDPL
_bHN
082 _a363.7
100 _aजगदीश सिंह
_916568
245 _aपर्यावरण एक समाजशास्त्रीय अध्ययन /
_cजगदीश सिंह
246 _aParyavaran:ek Samajshatriya Adhayan
_bby Jagdish Singh
260 _aनई दिल्ली
_bतेज प्रकाशन
_c2009
270 _a98, प्रथम तल, निकट कर्मिशयल स्कूल , दरियागंज
_bनई दिल्ली
_e110002
_k011 43528469
_l011 23258802
300 _a309पृ
_c22सेमी (सजिल्द)
942 _2ddc
_cHN
_mजगदी
999 _c34575
_d34575